|
|
|
|
| LEADER |
00000nam2a2200000 4500 |
| 001 |
28401 |
| 005 |
20231101205842.0 |
| 035 |
|
|
|a (RuTPU)RU\TPU\book\28657
|
| 035 |
|
|
|a BOOK00028732
|
| 090 |
|
|
|a 28401
|
| 100 |
|
|
|a 20011209d1993 k y0rusy50 ca
|
| 101 |
0 |
|
|a rus
|
| 102 |
|
|
|a RU
|
| 105 |
|
|
|a a z 101zy
|
| 200 |
0 |
|
|a Вып. 28
|f науч. ред. и сост. В. В. Клоков
|
| 210 |
|
|
|d 1993
|
| 215 |
|
|
|a 112 с.
|c ил.
|
| 320 |
|
|
|a Библиогр. в конце статей
|
| 461 |
|
1 |
|0 (RuTPU)RU\TPU\book\294154
|t Труды семинара по краевым задачам
|o [сборник]
|f Казанский государственный университет (КГУ)
|v Вып. 28
|d 1964-
|
| 606 |
1 |
|
|a Электрохимическая обработка металлов
|x Математические исследования
|2 stltpush
|3 (RuTPU)RU\TPU\subj\20998
|9 46053
|
| 610 |
1 |
|
|a металлообработка
|
| 610 |
1 |
|
|a металлы
|
| 610 |
1 |
|
|a электрохимическая обработка
|
| 610 |
1 |
|
|a краевые задачи
|
| 610 |
1 |
|
|a математические методы
|
| 610 |
1 |
|
|a исследования
|
| 610 |
1 |
|
|a совершенствование
|
| 610 |
1 |
|
|a обработка
|
| 675 |
|
|
|a 621.7.047
|v 3
|
| 702 |
|
1 |
|a Клоков
|b В. В.
|4 340
|4 220
|
| 801 |
|
0 |
|a RU
|b 63413507
|c 20011209
|g PSBO
|
| 801 |
|
2 |
|a RU
|b 63413507
|c 20180702
|g PSBO
|
| 942 |
|
|
|c BK
|